Green Lantern - Portrayals by Picture - Statistics

General Stats
  • This quiz has been taken 7 times
  • The average score is 4 of 56
Answer Stats
Picture Answer % Correct
Ryan Reynolds
67%
Cam Clarke / Josh Keaton / Jonah Hill
50%
Adam Baldwin / Steve Blum
17%
Diedrich Bader
17%
Diedrich Bader
17%
James Arnold Taylor
17%
Josh Keaton
17%
Josh Keaton
17%
Josh Keaton
17%
Josh Keaton
17%
Lil Yachty / Phil LaMarr
17%
Nathan Fillion
17%
Nathan Fillion
17%
Nathan Fillion
17%
Nathan Fillion
17%
Nolan North
17%
Phil LaMarr
17%
Phil LaMarr
17%
Phil LaMarr
17%
Troy Baker
17%
Adam Baldwin
0%
Adam Baldwin
0%
Aldis Hodge
0%
Christopher Meloni
0%
Corey Burton
0%
Cristina Milizia
0%
Cristina Milizia
0%
Dascha Polanco
0%
David Boreanaz
0%
Dermot Mulroney
0%
Diane Guerrero
0%
Gerald Mohr
0%
Gray Haddock
0%
Howard Murphy
0%
Ike Amadi / Nyambi Nyambi
0%
James Arnold Taylor / Loren Lester
0%
Jason Phelps
0%
Jason Spisak
0%
Joey Hood
0%
Josh Phillips
0%
Justin Kirk
0%
Ken Thomas / George Washington III
0%
Kevin Michael Richardson
0%
Kevin Smith
0%
Lauren Tom
0%
Matthew Settle
0%
Michael P. Greco
0%
Michael Rye
0%
Myrna Velasco
0%
Phil LaMarr
0%
Robert S. Fisher
0%
Roger Cross
0%
Sasha Roiz
0%
Taliesin Jaffe
0%
Will Friedle
0%
Ysa Penarejo
0%
No matching quizzes found
Score Distribution
Percent of People with Each Score
Percentile by Number Answered
Your Score History
You have not taken this quiz